Vocabulaire Anglais - Niveau Intermédiaire - Statistiques

Statistiques générales
  • Ce quiz a été pris 858 fois
  • Le résultat moyen est 9 sur 20
Statistiques - réponses
Mot Traduction % Correct
Their Leur(s)
93%
Soft Mou / Doux
81%
Height Hauteur / Taille
80%
Laptop Ordinateur portable
73%
To wonder Se demander
60%
Madness Démence / Folie
58%
To starve Etre affamé
53%
Stubborn Têtu / Obstiné
46%
To gather Rassembler
45%
Left behind (sb./sth.) Abandonné
41%
Wise Sage
41%
Bold Audacieux
33%
To handle Gérer / Manipuler
33%
Delighted Heureux / Ravi
32%
Stunning Superbe / Magnifique
27%
Neat Soigné / Elégant
22%
Bank holiday Jour férié
21%
Hazard Danger / Risque
19%
IT skills Compétences informatiques
16%
Fancy Fantaisie
9%
Aucun quiz correspondant
Distribution des résultats
% des personnes avec chaque résultat
Percentile par nombre de réponses
Votre historique - résultats
Vous n’avez pas pris ce quiz